Responses for Show #4207 - Tuesday, December 10, 2002

(Jimmy: That's Air Force One; this is Quiz Show One. Jeopardy!'s next!)

Contestants

[<< previous game]

Laura Dickinson, an associate professor from Laurel, Maryland

Lee Weber, a consultant from Atlanta, Georgia

Ayesha Black, a student from Los Angeles, California (whose 2-day cash winnings total $32,200)

[next game >>]

Jeopardy! Round responses

MEMORY TEST
CAN I GET YOUR NUMBER?
CLASSIC DRAMA SERIES EPISODES
(Alex: You have to identify the series, of course.)
JEWEL
OF THE NILE
ROMANCING THE THRONE
(Alex: Not the stone.)
    $200 24
(Lee: What is a concerto?)

quintet

LeeLaura
    $200 13
The Four Horsemen

Laura
    $200 1
Dallas

Lee
    $200 2
pearl

Ayesha
    $200 11
blood

Laura
    $200 17
Victoria

Lee
    $400 25
the uptake

Ayesha
    $400 14
the 10 Most Wanted List

Ayesha
    $400 3
Bonanza

Ayesha
    $400 7
turquoise

Laura
    $400 12
Aswan

Laura
    $400 18
Cleopatra

Laura
    $600 28
impulse

Ayesha
    $600 15
Crazy Eights

Lee
    $600 4
Little House on the Prairie

Triple Stumper
    $600 8
Scotland

Triple Stumper
    $600 16
(Alex: Not the actor.)

Sir Richard Burton

Triple Stumper
    $600 19
Isabella

Ayesha
    $800 29
[The end-of-round signal sounds.]

Zanzibar

Laura
    $800 22
Deep Space Nine

Laura
    $800 5
Gunsmoke

Triple Stumper
    $800 9
(Lee: What is New Mexico?)
(Laura: What is Nevada?)

Arizona

LeeLaura
Triple Stumper
    $800 26
Aida

Ayesha
    $800 20
Beatrix

Laura
    $1000 23
(Alex: With a minute to go.)

the Five Pillars of Islam

Triple Stumper
    $1000 6
(Alex: Book 'em!)

Hawaii Five-O

Lee
    $1000 10
garnet

Lee
    $100 27
(Ayesha: What is Memphis?)

Khartoum, Sudan

Ayesha
    $1000 21
Albania

Triple Stumper

Scores at the first commercial break (after clue 15):

Ayesha Lee Laura
$1,000 $2,000 $400

Scores at the end of the Jeopardy! Round:

Ayesha Lee Laura
$3,300 $2,000 $3,400

Double Jeopardy! Round responses

PAINTINGS
GOVERNMENT & POLITICS
NON-NOBEL-WINNING AUTHORS
ROCK AROUND AMERICA
THE '50s
(Alex: Is it a...)
NOUN OR VERB
    $400 3
"The Last Supper"

Ayesha
    $400 1
Treasury

Lee
    $400 14
Leo Tolstoy

Laura
    $400 13
Apollo Theatre

Laura
    $400 8
kid

Ayesha
    $800 4
Sandro Botticelli

Ayesha
    $800 2
Tom Sawyer

Laura
    $800 15
Henrik Ibsen

Ayesha
    $800 25
Big Brother and the Holding Company

Ayesha
    $800 9
yak

Lee
    $1200 5
Frida Kahlo

Ayesha
    $1200 10
HUD (Housing and Urban Development)

Triple Stumper
    $1200 16
Dave Barry

Laura
    $1200 21
(Laura: What is Asbury Park?)

Freehold

Laura
Triple Stumper
    $1200 28
[The end-of-round signal sounds.]

Rebel Without a Cause

Ayesha
    $1200 19
sack

Ayesha
    $1600 6
Claude Monet

Laura
    $1600 11
(Lee: Who is George Shultz?)

James Baker

Lee
Triple Stumper
    $1600 17
(Lee: Who is John le Carre?)

Graham Greene

Lee
Triple Stumper
    $1600 22
(Ayesha: Who is... Styron?)

Alice Cooper

AyeshaLaura
    $300 27
(Ayesha: What is Sacramento?)

Little Rock, Arkansas

Ayesha
    $1600 20
bluff

Lee
    $2,000 7
(Laura: Who is ------?)

Raphael

Laura
    $2000 12
J.C. Watts

Lee
    $2000 18
Federico Garcia Lorca

Ayesha
    $2000 23
(Lee: What is Duluth?)
...
(Alex: A minute left now.)

Hibbing

LeeLaura
    $2000 26
Konrad Adenauer

Triple Stumper
    $2000 24
pen

Triple Stumper

Scores at the end of the Double Jeopardy! Round:

Ayesha Lee Laura
$10,200 $1,600 $8,200

[wagering suggestions for these scores]

Final Jeopardy! Round responses

THE SPACE PROGRAM
(Alex: The town was Esperance, the fine was $400; I'm not sure if NASA ever paid it.)
LeeWhat is Australia?
$1,600
LauraWhat is Panama?
$8,000
AyeshaWhat is Cuba
$10,000
Australia

Final scores:

Ayesha Lee Laura
$200 $3,200 $200
2nd place: $2,000 New champion: $3,200 3rd place: $1,000

Game dynamics:

Coryat scores:

Ayesha Lee Laura
$10,600 $1,600 $10,200
16 R,
3 W
(including 2 DDs)
9 R,
5 W
16 R,
3 W
(including 1 DD)

Combined Coryat: $22,400

[game clues] [game scores] [suggest correction]

Game tape date: 2002-09-17
The J! Archive is created by fans, for fans. Scraping, republication, monetization, and malicious use prohibited; this site may use cookies and collect identifying information. See terms. The Jeopardy! game show and all elements thereof, including but not limited to copyright and trademark thereto, are the property of Jeopardy Productions, Inc. and are protected under law. This website is not affiliated with, sponsored by, or operated by Jeopardy Productions, Inc. Join the discussion at JBoard.tv.